Strategie úspěchu
Salvato in:
| Autore principale: | |
|---|---|
| Altri autori: | |
| Natura: | Libro |
| Lingua: | ceco |
| Pubblicazione: |
Praha
Victoria Publishing
1992
|
| Edizione: | 1. vyd. |
| Accesso online: | Visualizza in OPAC |
| Tags: |
Nessun Tag, puoi essere il primo ad aggiungerne!!
|
MARC
| LEADER | 00000nam a2200000 a 4500 | ||
|---|---|---|---|
| 005 | 20260127134221.0 | ||
| 008 | 131003s1992 CS 0 cze c | ||
| 020 | |a 808560521X | ||
| 035 | |a vtls001136402 | ||
| 035 | |a SNK000079255 | ||
| 039 | 9 | |a 201310031220 |b VLOAD |c 201306201831 |d VLOAD |c 200810020824 |d mschk03 |y 200607182238 |z msnk01 | |
| 040 | |a SNK |b slo |c SNK |d STUSCHK1 |e AACR2 | ||
| 041 | 0 | |a cze | |
| 044 | |a [CS] | ||
| 080 | |a 339.18:159.947 |2 1981 | ||
| 080 | |a 159.947 |2 1981 | ||
| 100 | 1 | |a Richardson, Linda | |
| 245 | 1 | 0 | |a Strategie úspěchu |c Linda Richardson ; přel. Bohumil Bušek |
| 250 | |a 1. vyd. | ||
| 260 | |a Praha |b Victoria Publishing |c 1992 | ||
| 300 | |a 134, [1] s. |c 24 cm | ||
| 700 | 1 | |a Bušek, Bohumil |4 trl |9 498 | |
| 910 | |a snk | ||
| 910 | |a SCHK95 | ||
| 919 | |a 80-85605-21-X | ||
| 954 | |a jednanie obchodné |a úspech |x dosahovanie |x príručky | ||
| 968 | |d Z amer. orig. |e ... | ||
| 999 | |c 6952 |d 6952 | ||
| 942 | 0 | 0 | |0 1 |